| 000 | 01183nam a2200193 4500 | ||
|---|---|---|---|
| 001 | 859 | ||
| 005 | 20230411090047.0 | ||
| 008 | 060907n2002 dr spa | ||
| 020 | _a0072453907 | ||
| 035 | _9funglode863 | ||
| 041 | _aEN | ||
| 100 | _aWaddock, Sandra | ||
| 245 | 1 |
_aLeading corporate citizens : _bVision, values, value added / _cSandra Waddock |
|
| 260 |
_aBoston : _bMcGraw-Hill, _c2002 |
||
| 300 | _axxi, 360 p. | ||
| 440 | _aMcGraw-Hill higher education | ||
| 520 | _aCorporate global citizenship : Vision, values, value added, 3. -- Spheres of influence : The ecological underpinning, 22. -- The three spheres of human civilization, 41. -- Personal and organizational vision, 83. -- Values in management practice : Operating with integrity, 115. -- Value added : The impact of vision and values, 141. -- Stakeholders : The relationship key, 165. -- Measurinf multiple bottom lines : Getting to value added, 200. -- Ecological thinking in the global village, 233. -- Global standards - Global village, 261. -- Values added : Global futures, 292. -- Leading global futures : The emerging paradigm of leading corporate citizenship, 317 | ||
| 942 |
_2lcc _cbk |
||
| 999 |
_c111771 _d111771 |
||